[Event "em-team men"]
[Site "?"]
[Date "2003.10.14"]
[Round "4.9"]
[White "Landenbergue, Claude"]
[Black "Kupreichik, Viktor"]
[Result "1/2-1/2"]
[WhiteElo "2441"]
[BlackElo "2496"]
[PlyCount "63"]
[EventDate "2003.10.14"]

1. e4 c5 2. c3 e6 3. Nf3 d5 4. exd5 exd5 5. d4 Nc6 6. Bb5 Bd6 7. dxc5 Bxc5 8.
O-O Nge7 9. Nbd2 O-O 10. Nb3 Bb6 11. Re1 Nf5 12. Bd3 h6 13. Bc2 Re8 14. Rxe8+
Qxe8 15. Bf4 g5 16. Bg3 Be6 17. Qd2 Rd8 18. Re1 Qf8 19. Bxf5 Bxf5 20. Nfd4 Bg6
21. h4 g4 22. h5 Bxh5 23. Qf4 Bg6 24. Qxg4 Re8 25. Rxe8 Qxe8 26. Qf4 Qe4 27.
Qf6 Qg4 28. Nxc6 Qd1+ 29. Kh2 Qh5+ 30. Kg1 Qd1+ 31. Kh2 Qh5+ 32. Kg1 1/2-1/2

[Event "em-team men"]
[Site "?"]
[Date "2003.10.14"]
[Round "4.10"]
[White "Kallio, Heikki"]
[Black "Berkes, Ferenc"]
[Result "1/2-1/2"]
[WhiteElo "2493"]
[BlackElo "2616"]
[PlyCount "130"]
[EventDate "2003.10.14"]

1. e4 c5 2. Nf3 d6 3. Nc3 a6 4. d4 cxd4 5. Nxd4 Nf6 6. Bg5 e6 7. Qd2 b5 8. a3
Bb7 9. f3 Nbd7 10. O-O-O Be7 11. h4 h6 12. Be3 Nb6 13. g4 Nfd7 14. Rg1 Bxh4 15.
g5 Bxg5 16. Bxg5 hxg5 17. Rxg5 Qf6 18. f4 Rd8 19. f5 Ne5 20. Qg2 exf5 21. Rxf5
Qh6+ 22. Kb1 g6 23. Rf2 Qe3 24. Nf3 Rd7 25. Bd3 Rh5 26. Nxe5 dxe5 27. Rf6 Rg5
28. Qh2 Rh5 29. Qg2 Na4 30. Rxg6 Nxc3+ 31. bxc3 Bxe4 32. Rg8+ Ke7 33. Qg4 Qf3
34. Qxd7+ Kxd7 35. Be2+ Ke7 36. Bxf3 Bxf3 37. Rdd8 Bc6 38. Kc1 Rh6 39. Kd2 Rh2+
40. Kd1 Rh1+ 41. Kd2 Rh2+ 42. Kd1 Ke6 43. Rd2 Rh3 44. Rd3 Rh1+ 45. Kd2 Rh2+ 46.
Ke3 Rxc2 47. Rc8 Bg2 48. Rd2 Rxd2 49. Kxd2 f5 50. Rg8 Bc6 51. Kd3 f4 52. c4
bxc4+ 53. Kxc4 Bb5+ 54. Kc3 Kd5 55. Rg6 Ke4 56. Kd2 Kf5 57. Rg7 e4 58. Re7 Bd3
59. Rg7 Bc4 60. Re7 Bb5 61. Kc3 Bd3 62. Rg7 Bf1 63. Kd4 e3 64. Re7 e2 65. Kc3
f3 1/2-1/2

[Event "em-team men"]
[Site "?"]
[Date "2003.10.14"]
[Round "4.11"]
[White "Ponomariov, Ruslan"]
[Black "Godena, Michele"]
[Result "1/2-1/2"]
[WhiteElo "2718"]
[BlackElo "2523"]
[PlyCount "155"]
[EventDate "2003.10.14"]

1. e4 e5 2. Nf3 Nc6 3. d4 exd4 4. Nxd4 Bc5 5. Be3 Qf6 6. Nb5 Bxe3 7. fxe3 Qh4+
8. g3 Qd8 9. Qg4 g5 10. N1c3 d6 11. Qe2 a6 12. Nd4 Ne5 13. Qg2 Be6 14. O-O-O
Qd7 15. h4 gxh4 16. gxh4 Bg4 17. Be2 Ne7 18. Bxg4 Qxg4 19. Qf2 O-O-O 20. Qf6
Qd7 21. h5 Rhg8 22. Rhg1 Qh3 23. Rge1 Rde8 24. Qh6 Rg2 25. Rh1 Qg3 26. Qxh7
Qxe3+ 27. Kb1 Reg8 28. Nf5 Nxf5 29. Qxf5+ Kb8 30. h6 R2g6 31. Nd5 Qg5 32. Rdf1
Rh8 33. h7 c6 34. Nf6 Qxf5 35. Rxf5 Kc7 36. b3 Kd8 37. Ng8 Rg7 38. Rd1 Rgxh7
39. Rxd6+ Kc7 40. Rd2 Rxg8 41. Rxe5 f6 42. Rf5 Re8 43. Rf4 Rhe7 44. Rd4 Rd7 45.
c3 Re5 46. Kc2 c5 47. Rxd7+ Kxd7 48. Kd3 Re6 49. Ke3 Rd6 50. Rf5 b6 51. Rd5 Ke6
52. c4 Rd7 53. Kf4 Rh7 54. Rd8 Rh4+ 55. Kf3 Rh3+ 56. Kg4 Rh2 57. Re8+ Kd6 58.
Kf5 Rf2+ 59. Kg6 Rxa2 60. Kf7 b5 61. Re6+ Kd7 62. Kxf6 Rf2+ 63. Ke5 Rb2 64.
Rd6+ Kc7 65. Rd3 Kc6 66. Ke6 bxc4 67. bxc4 Rc2 68. Rd6+ Kc7 69. Rxa6 Rxc4 70.
e5 Rh4 71. Kd5 Rd4+ 72. Kxc5 Rd1 73. Rd6 Rxd6 74. exd6+ Kd7 75. Kd5 Kd8 76. Ke6
Ke8 77. d7+ Kd8 78. Kd6 {Diagram #} 1/2-1/2

[Event "em-team men"]
[Site "?"]
[Date "2003.10.14"]
[Round "4.11"]
[White "Arlandi, Ennio"]
[Black "Baklan, Vladimir"]
[Result "1/2-1/2"]
[WhiteElo "2438"]
[BlackElo "2600"]
[PlyCount "40"]
[EventDate "2003.10.14"]

1. d4 Nf6 2. c4 e6 3. Nc3 Bb4 4. Qc2 O-O 5. a3 Bxc3+ 6. Qxc3 b6 7. Bg5 Bb7 8.
e3 c5 9. dxc5 bxc5 10. f3 h6 11. Bh4 Re8 12. Bd3 d6 13. Ne2 Nbd7 14. O-O Qb6
15. Bc2 d5 16. Rfd1 Ba6 17. b3 e5 18. Bf2 dxc4 19. bxc4 Qe6 20. Ba4 Qxc4
1/2-1/2

[Event "em-team men"]
[Site "?"]
[Date "2003.10.14"]
[Round "4.12"]
[White "Banikas, Hristos"]
[Black "Butnorius, Algimantas"]
[Result "1-0"]
[WhiteElo "2522"]
[BlackElo "2424"]
[PlyCount "115"]
[EventDate "2003.10.14"]

1. d4 Nf6 2. c4 e6 3. Nf3 b6 4. a3 Bb7 5. Nc3 d5 6. cxd5 exd5 7. g3 Be7 8. Qa4+
c6 9. Bg2 O-O 10. O-O Nbd7 11. Bf4 a6 12. Rad1 Re8 13. Ne5 b5 14. Qc2 Nf8 15.
e4 Qb6 16. Be3 Rad8 17. f4 b4 18. axb4 Bxb4 19. Qb3 Ba5 20. Qa2 Bxc3 21. bxc3
Qc7 22. exd5 cxd5 23. Rc1 Qe7 24. Rfe1 Rc8 25. Bf2 Ne6 26. h4 Ne4 27. Bxe4 dxe4
28. d5 f6 29. Ng4 Nc5 30. Bxc5 Qxc5+ 31. Ne3 Rcd8 32. c4 Bc8 33. Ra1 Re7 34.
Qa5 Rc7 35. Qxc5 Rxc5 36. Reb1 Kf7 37. Kf2 h5 38. Ke2 Ke7 39. Kd2 a5 40. Kc3
Bd7 41. Kd4 Rdc8 42. Rb7 Kd8 43. Kxe4 a4 44. Kd4 Ra5 45. Ra3 Ke8 46. Nd1 Rac5
47. Rb4 Kf7 48. Nc3 Kg6 49. Ne4 Ra5 50. Nd6 Rc7 51. Rb7 Rxb7 52. Nxb7 Ra7 53.
Nd6 Ra6 54. c5 Kh7 55. Nc4 Bb5 56. c6 Bxc6 57. dxc6 Rxc6 58. Rxa4 1-0

[Event "em-team men"]
[Site "?"]
[Date "2003.10.14"]
[Round "4.14"]
[White "Theocharides, Constantinos"]
[Black "Lalic, Bogdan"]
[Result "0-1"]
[WhiteElo "2105"]
[BlackElo "2503"]
[PlyCount "100"]
[EventDate "2003.10.14"]

1. e4 c5 2. Nf3 e6 3. d3 d5 4. Nbd2 Nc6 5. g3 Bd6 6. Bg2 Nge7 7. O-O O-O 8. Re1
Bc7 9. Nf1 d4 10. h3 e5 11. g4 Ng6 12. Ng3 Nf4 13. Bf1 Ba5 14. Bd2 Bxd2 15.
Nxd2 Be6 16. Qf3 Qg5 17. Nc4 Bxc4 18. dxc4 Rae8 19. Ne2 h5 20. Nxf4 exf4 21.
Qg2 hxg4 22. hxg4 Ne5 23. f3 g6 24. Bd3 Kg7 25. Kf2 Rh8 26. Rh1 Rh4 27. Rh3
Rxh3 28. Qxh3 Rh8 29. Qg2 Qh4+ 30. Ke2 Qg3 31. Qxg3 fxg3 32. Rg1 Rh2+ 33. Kd1
Nxd3 34. cxd3 Rxb2 35. Rxg3 Rxa2 36. f4 a6 37. e5 b5 38. cxb5 axb5 39. f5 Ra3
40. Kc2 c4 41. Rf3 Rc3+ 42. Kd2 b4 43. e6 fxe6 44. fxe6 Rxd3+ 45. Rxd3 cxd3 46.
Kxd3 b3 47. e7 Kf7 48. e8=Q+ Kxe8 49. Kd2 Ke7 50. Kc1 d3 0-1

[Event "em-team men"]
[Site "?"]
[Date "2003.10.14"]
[Round "4.15"]
[White "Kett, Tim"]
[Black "Neubauer, Martin"]
[Result "1-0"]
[WhiteElo "2145"]
[BlackElo "2434"]
[PlyCount "49"]
[EventDate "2003.10.14"]

1. e4 e5 2. Nc3 Nc6 3. f4 exf4 4. Nf3 g5 5. h4 g4 6. Ng5 h6 7. Nxf7 Kxf7 8. d4
d6 9. Bxf4 Be7 10. Bc4+ Kg7 11. O-O Bxh4 12. Qd3 Nge7 13. Rad1 Bf6 14. Qe3 {
Diagram #} 14... Nf5 15. exf5 Bxf5 16. Nd5 Qe8 17. Nxf6 Kxf6 18. Qg3 Qd7 19.
Be5+ Nxe5 20. dxe5+ Kg7 21. exd6 Rhf8 22. Qe5+ Kg6 23. dxc7 Rae8 24. Rd6+ Kh5
25. Qh2+ 1-0

[Event "em-team men"]
[Site "?"]
[Date "2003.10.14"]
[Round "4.15"]
[White "Gandy, Andrew"]
[Black "Schroll, Gerhard"]
[Result "1/2-1/2"]
[WhiteElo "2104"]
[BlackElo "2417"]
[PlyCount "69"]
[EventDate "2003.10.14"]

1. d4 f5 2. Nc3 Nf6 3. Bg5 d5 4. Bxf6 exf6 5. e3 Be6 6. Bd3 Qd7 7. Qf3 Nc6 8.
a3 Nd8 9. Nge2 Nf7 10. h4 c6 11. Nf4 Nd6 12. Nxe6 Qxe6 13. Ne2 g6 14. Ng3 Ne4
15. h5 Bh6 16. hxg6 hxg6 17. Ne2 O-O-O 18. Rg1 Rde8 19. Nf4 Bxf4 20. Qxf4 Re7
21. O-O-O g5 22. Qf3 Reh7 23. Qe2 b5 24. Rdf1 Rh2 25. Qe1 Kb7 26. Kb1 a6 27. f3
Nd6 28. b3 Re8 29. Qg3 Rhh8 30. Re1 Re7 31. Re2 Qd7 32. Rge1 Rhe8 33. Qh2 Rh7
34. Qg3 Rh4 35. Qf2 1/2-1/2

[Event "em-team men"]
[Site "?"]
[Date "2003.10.14"]
[Round "4.16"]
[White "Kelly, Brian"]
[Black "David, Alberto"]
[Result "1/2-1/2"]
[WhiteElo "2487"]
[BlackElo "2560"]
[PlyCount "52"]
[EventDate "2003.10.14"]

1. c4 e5 2. g3 Nf6 3. Bg2 d5 4. cxd5 Nxd5 5. Nf3 Nc6 6. O-O Nb6 7. d3 Be7 8.
Nbd2 O-O 9. a3 a5 10. b3 Be6 11. Bb2 f6 12. Qc2 Qd7 13. Rfd1 Rfd8 14. Rac1 Kh8
15. Nc4 Qe8 16. Nfd2 Nd5 17. Nf3 Qg6 18. Qb1 Bf8 19. Rc2 Qf7 20. Rcc1 Qg6 21.
Rc2 Qe8 22. Rcc1 Bf7 23. e3 Bh5 24. Re1 Bg4 25. h3 Be6 26. Red1 Bf7 1/2-1/2

[Event "em-team men"]
[Site "?"]
[Date "2003.10.14"]
[Round "4.16"]
[White "Bakalarz, Mieczyslaw"]
[Black "Collins, Sam"]
[Result "1/2-1/2"]
[WhiteElo "2320"]
[BlackElo "2387"]
[PlyCount "110"]
[EventDate "2003.10.14"]

1. d4 d5 2. Nf3 Nf6 3. Bg5 Ne4 4. Bf4 c5 5. c3 Nc6 6. e3 cxd4 7. exd4 g6 8. Bd3
Bg7 9. O-O O-O 10. Re1 Bg4 11. h3 Bxf3 12. Qxf3 f5 13. Qd1 e6 14. Nd2 g5 15.
Bh2 Qb6 16. Bxe4 fxe4 17. Qb3 Qa6 18. Re3 Rf7 19. a4 Raf8 20. Rf1 g4 21. hxg4
Bh6 22. g5 Bxg5 23. Rg3 h6 24. Qb5 Kh7 25. Nb3 Bh4 26. Qxa6 bxa6 27. Nc5 Bxg3
28. Bxg3 Re8 29. Nxa6 Na5 30. Nc7 Ree7 31. Nb5 Rd7 32. Nd6 Rf8 33. b4 Nc6 34.
Rb1 Ne7 35. b5 Nf5 36. Nxf5 exf5 37. Bf4 Rc8 38. Rb3 Rc4 39. a5 Rb7 40. b6 a6
41. Ra3 Kg6 42. g3 Rc6 43. Kf1 Kh5 44. Ke2 Kg6 45. Kd2 Rc4 46. Ra1 h5 47. Ra3
Rc6 48. Ra1 Rc8 49. Kc2 Rc4 50. Kb3 Rc8 51. Rh1 Rc4 52. Rh2 Rc6 53. Rh1 Rc4 54.
Rc1 Kf7 55. Rh1 Kg6 1/2-1/2

[Event "em-team men"]
[Site "?"]
[Date "2003.10.14"]
[Round "4.16"]
[White "McMahon, Daire"]
[Black "Weber, Jean-Marie"]
[Result "1-0"]
[WhiteElo "2221"]
[BlackElo "2186"]
[PlyCount "93"]
[EventDate "2003.10.14"]

1. d4 Nf6 2. c4 c5 3. e3 g6 4. Nf3 Bg7 5. Nc3 O-O 6. Be2 d5 7. cxd5 Nxd5 8. Qb3
Nxc3 9. bxc3 Nc6 10. O-O b6 11. Rd1 Na5 12. Qb1 Qc7 13. Ba3 Bd7 14. Rc1 Rfe8
15. Bb5 Bxb5 16. Qxb5 a6 17. Qe2 c4 18. e4 e5 19. Re1 b5 20. Rad1 exd4 21. cxd4
Rab8 22. Rb1 Nc6 23. Bc5 f5 24. Qc2 fxe4 25. Rxe4 Qf7 26. Rbe1 Red8 27. Ng5 Qf5
28. Ne6 Rd5 29. Qe2 Rd7 30. h3 c3 31. Qd3 b4 32. Qxa6 Nd8 33. Nxg7 Kxg7 34.
Re7+ Nf7 35. Rxd7 Qxd7 36. Qc4 Qa4 37. d5 c2 38. Bd4+ Kg8 39. d6 Ra8 40. Bf6
Re8 41. Rxe8+ Qxe8 42. Qxc2 Qe1+ 43. Kh2 Nxd6 44. Qb3+ Kf8 45. Bd4 Qd2 46. Bc5
Kg7 47. Qxb4 1-0

[Event "em-team men"]
[Site "?"]
[Date "2003.10.14"]
[Round "4.16"]
[White "Gengler, Pierre"]
[Black "Fox, Anthony"]
[Result "1-0"]
[WhiteElo "2149"]
[BlackElo "2126"]
[PlyCount "164"]
[EventDate "2003.10.14"]

1. e4 e5 2. Nf3 Nc6 3. Bb5 a6 4. Bxc6 dxc6 5. O-O Bg4 6. h3 h5 7. d3 Qf6 8.
Nbd2 Ne7 9. Re1 Ng6 10. d4 Nf4 11. hxg4 hxg4 12. g3 gxf3 13. Qxf3 Ne6 14. dxe5
Qh6 15. Nb3 Qh2+ 16. Kf1 Bc5 17. Ke2 O-O-O 18. Bd2 Qh5 19. Qxh5 Rxh5 20. Bc3
Bd4 21. Bxd4 Nxd4+ 22. Nxd4 Rxd4 23. Ke3 Rb4 24. b3 Rxe5 25. c4 c5 26. f4 Re8
27. Rad1 Rb6 28. Rd5 Rbe6 29. Kf3 b6 30. Rg5 g6 31. f5 gxf5 32. Rxf5 f6 33. g4
Rh8 34. Kg3 Rd8 35. Re2 Rd1 36. Rh5 Rg1+ 37. Kf3 Rf1+ 38. Ke3 Rg1 39. Rh4 Rf1
40. Rh6 Rg1 41. Rg6 Kd7 42. Kf2 Rh1 43. Kg2 Rd1 44. g5 fxg5 45. Rxg5 c6 46. Rh5
a5 47. Kf3 Rf6+ 48. Ke3 Rdf1 49. Rh3 Ke6 50. Rh7 R1f3+ 51. Kd2 Rf7 52. Rhh2 Ke5
53. Rh5+ Ke6 54. e5 R3f5 55. Rh6+ Ke7 56. Rxc6 Rf1 57. Rxb6 R7f2 58. Ra6 Rxe2+
59. Kxe2 Rf5 60. e6 Rh5 61. Ke3 Rh2 62. Rxa5 Kxe6 63. Rxc5 Rxa2 64. Kd3 Kd6 65.
Rd5+ Kc6 66. Kc3 Ra8 67. Rh5 Rg8 68. Rh6+ Kc7 69. c5 Rg4 70. b4 Rf4 71. b5 Rg4
72. Rd6 Rg1 73. Kd4 Rd1+ 74. Ke5 Re1+ 75. Kf6 Rf1+ 76. Ke7 Rf5 77. b6+ Kb8 78.
c6 Re5+ 79. Kf6 Re8 80. Rd7 Rc8 81. Rb7+ Ka8 82. Ra7+ Kb8 1-0

[Event "em-team men"]
[Site "?"]
[Date "2003.10.14"]
[Round "4.17"]
[White "Cekro, Ekrem"]
[Black "Genov, Petar"]
[Result "1/2-1/2"]
[WhiteElo "2433"]
[BlackElo "2494"]
[PlyCount "44"]
[EventDate "2003.10.14"]

1. c4 b6 2. Nc3 c5 3. e4 Bb7 4. g3 g6 5. Bg2 Bg7 6. Nge2 Nc6 7. O-O d6 8. d3
Nf6 9. h3 O-O 10. Be3 a6 11. a3 Nd7 12. Rb1 Nd4 13. b4 Rb8 14. f4 e6 15. Bf2 f5
16. Nxd4 cxd4 17. Ne2 e5 18. exf5 Bxg2 19. Kxg2 gxf5 20. Kh2 Kh8 21. Ng1 Bf6
22. Nf3 Rg8 1/2-1/2

[Event "em-team men"]
[Site "?"]
[Date "2003.10.14"]
[Round "4.17"]
[White "Petrov, Marijan"]
[Black "Van Beers, Eddy"]
[Result "1/2-1/2"]
[WhiteElo "2471"]
[BlackElo "2431"]
[PlyCount "88"]
[EventDate "2003.10.14"]

1. e4 c5 2. Nf3 d6 3. d4 cxd4 4. Nxd4 Nf6 5. Nc3 a6 6. f4 Qc7 7. Bd3 g6 8. O-O
Bg7 9. Nf3 Nbd7 10. Qe1 b5 11. a3 Bb7 12. Kh1 Nc5 13. Bd2 O-O 14. b4 Nxd3 15.
cxd3 e6 16. Rc1 Qe7 17. Qh4 Rae8 18. f5 Nd7 19. Qh3 exf5 20. exf5 Bxf3 21. Qxf3
Bxc3 22. Rxc3 Qe2 23. Bh6 Qxf3 24. gxf3 Rc8 25. Rfc1 Rxc3 26. Rxc3 Re8 27. Kg2
gxf5 28. Rc6 Nf8 29. Rxa6 Re6 30. Bxf8 Kxf8 31. Kg3 Ke7 32. Kf4 Re2 33. Kxf5
Rxh2 34. Ra7+ Ke8 35. Rb7 Ra2 36. Ra7 Rd2 37. Ke4 h5 38. Ra5 Re2+ 39. Kd5 Re3
40. Kd4 Rxf3 41. Rxb5 h4 42. Ke4 Rf2 43. Rh5 Ra2 44. Rxh4 Rxa3 1/2-1/2

[Event "em-team men"]
[Site "?"]
[Date "2003.10.14"]
[Round "4.17"]
[White "Claesen, Pieter"]
[Black "Vasilev, Milen"]
[Result "1/2-1/2"]
[WhiteElo "2382"]
[BlackElo "2451"]
[PlyCount "94"]
[EventDate "2003.10.14"]

1. c4 e6 2. Nf3 Nf6 3. Nc3 d5 4. e3 Be7 5. b3 O-O 6. Bb2 c5 7. cxd5 exd5 8. d4
Nc6 9. Be2 Bf5 10. dxc5 Bxc5 11. O-O a6 12. Na4 Ba7 13. Nd4 Bd7 14. Rc1 Ne4 15.
Nxc6 Bxc6 16. Bd4 Bxa4 17. Bxa7 Bxb3 18. Qxb3 Rxa7 19. Rfd1 b5 20. Qxd5 Qxd5
21. Rxd5 b4 22. Ra5 Nc3 23. Kf1 g6 24. Bc4 Rd8 25. a3 Rc7 26. Bb3 bxa3 27. Rxa3
Nb5 28. Rxc7 Nxc7 29. Bc4 Rd6 30. Ke2 Kg7 31. Ra5 Rb6 32. e4 h5 33. Ke3 Nb5 34.
f4 Kf6 35. Ra2 Rc6 36. Bd3 Kg7 37. Ra5 Nc7 38. Kd4 Ne6+ 39. Ke3 Rc3 40. Kd2 Rb3
41. f5 gxf5 42. exf5 Nf4 43. Bc2 Rb6 44. g3 Rd6+ 45. Ke3 Nd5+ 46. Kf3 Nb4 47.
Be4 Kf6 1/2-1/2

[Event "em-team men"]
[Site "?"]
[Date "2003.10.14"]
[Round "4.6"]
[White "Stanojoski, Zvonko"]
[Black "Nijboer, Friso"]
[Result "0-1"]
[WhiteElo "2497"]
[BlackElo "2577"]
[PlyCount "84"]
[EventDate "2003.10.14"]

1. e4 c5 2. Nf3 Nc6 3. d4 cxd4 4. Nxd4 Nf6 5. Nc3 e5 6. Ndb5 d6 7. Nd5 Nxd5 8.
exd5 Nb8 9. c4 Be7 10. Bd3 a6 11. Nc3 O-O 12. O-O f5 13. f4 Nd7 14. Qc2 g6 15.
Kh1 Bf6 16. a4 Nc5 17. Be3 Bd7 18. a5 Rc8 19. b3 Re8 20. Ra3 b5 21. Bxc5 bxc4
22. Bxc4 Rxc5 23. Bxa6 Rxa5 24. Rxa5 Qxa5 25. Bc4 exf4 26. Ne2 g5 27. h3 Qc5
28. Ng1 Kg7 29. Qb1 h6 30. Re1 Rxe1 31. Qxe1 g4 32. hxg4 fxg4 33. Qe4 Qd4 34.
Qxd4 Bxd4 35. Ne2 Be3 36. g3 f3 37. Nc3 Kf6 38. Nb5 Ke5 39. Kh2 Bf5 40. Nc7 Be4
41. b4 h5 42. b5 h4 0-1

[Event "em-team men"]
[Site "?"]
[Date "2003.10.14"]
[Round "4.8"]
[White "Hracek, Zbynek"]
[Black "Kulaots, Kaido"]
[Result "1/2-1/2"]
[WhiteElo "2578"]
[BlackElo "2530"]
[PlyCount "65"]
[EventDate "2003.10.14"]

1. c4 e6 2. Nc3 Nf6 3. d4 Bb4 4. Qc2 O-O 5. a3 Bxc3+ 6. Qxc3 b6 7. Bg5 Bb7 8.
f3 h6 9. Bh4 d5 10. e3 Nbd7 11. Nh3 c5 12. cxd5 exd5 13. Bd3 Qe7 14. Bf5 cxd4
15. Qxd4 Ne5 16. O-O Bc8 17. Bxc8 Raxc8 18. Rac1 Rc4 19. Rxc4 dxc4 20. Rd1 b5
21. Nf2 g5 22. Bg3 Re8 23. Qd6 Kg7 24. Kf1 Nh5 25. Qxe7 Nxg3+ 26. hxg3 Rxe7 27.
Ke2 Rd7 28. Rxd7 Nxd7 29. Ne4 Kf8 30. Nd6 a6 31. g4 Nc5 32. Kd2 Kg7 33. Kc3
1/2-1/2

[Event "em-team men"]
[Site "?"]
[Date "2003.10.14"]
[Round "4.8"]
[White "Sepp, Olav"]
[Black "Stocek, Jiri"]
[Result "1/2-1/2"]
[WhiteElo "2429"]
[BlackElo "2545"]
[PlyCount "84"]
[EventDate "2003.10.14"]

1. e4 c5 2. g3 d5 3. exd5 Qxd5 4. Nf3 Bg4 5. Bg2 Qe6+ 6. Kf1 Nc6 7. h3 Bh5 8.
d3 Qd7 9. Na3 Rd8 10. Be3 e6 11. Nc4 Nf6 12. g4 Bg6 13. Nfe5 Nxe5 14. Nxe5 Qc7
15. Bf4 Bd6 16. Qe2 Nd7 17. Nxg6 hxg6 18. Bg5 Be7 19. Bxe7 Kxe7 20. Qe3 Nf6 21.
Re1 b6 22. Qe5 Qxe5 23. Rxe5 Rd4 24. Ke2 Kd6 25. Re3 g5 26. c3 Rf4 27. a3 Nd5
28. Bxd5 exd5 29. Rf3 Re8+ 30. Re3 Rh8 31. Rf3 Rxf3 32. Kxf3 b5 33. Kg3 f6 34.
f4 Re8 35. fxg5 fxg5 36. Rf1 Re3+ 37. Rf3 Rxf3+ 38. Kxf3 a5 39. d4 Kc6 40. b4
cxd4 41. cxd4 axb4 42. axb4 Kd6 1/2-1/2

[Event "em-team men"]
[Site "?"]
[Date "2003.10.14"]
[Round "4.9"]
[White "Pelletier, Yannick"]
[Black "Fedorov, Alexei"]
[Result "0-1"]
[WhiteElo "2604"]
[BlackElo "2595"]
[PlyCount "90"]
[EventDate "2003.10.14"]

1. d4 Nf6 2. c4 g6 3. Nc3 Bg7 4. e4 d6 5. Nf3 O-O 6. Be2 e5 7. O-O Nc6 8. d5
Ne7 9. Bg5 Nh5 10. Ne1 Nf4 11. Nd3 Nxe2+ 12. Qxe2 h6 13. Be3 f5 14. f3 g5 15.
c5 Ng6 16. Rfc1 Rf7 17. Rc2 Nf4 18. Qd2 Nxd3 19. Qxd3 g4 20. fxg4 f4 21. Bf2
Bxg4 22. cxd6 cxd6 23. Rac1 a6 24. Na4 Qg5 25. Nb6 Raf8 26. h3 Bh5 27. Nc8 Rd8
28. Rc7 Rdd7 29. h4 Qg4 30. Rxd7 Rxd7 31. Nb6 Rf7 32. Qc4 Kh7 33. Kh2 f3 34. g3
Bg6 35. Re1 Rf4 36. Nc8 Bf8 37. Qc7+ Rf7 38. Qc2 Kg8 39. b4 Rf4 40. Qc7 Rxe4
41. Nxd6 Bxd6 42. Qxd6 Bf5 43. Qd8+ Kf7 44. Qc7+ Bd7 45. Kg1 Qh3 0-1

[Event "em-team men"]
[Site "?"]
[Date "2003.10.14"]
[Round "4.10"]
[White "Varga, Zoltan"]
[Black "Karttunen, Mika"]
[Result "1-0"]
[WhiteElo "2558"]
[BlackElo "2379"]
[PlyCount "89"]
[EventDate "2003.10.14"]

1. e4 c5 2. Nf3 e6 3. b3 b6 4. d4 cxd4 5. Nxd4 a6 6. Bd3 Bc5 7. Nf3 Nc6 8. Bb2
Nf6 9. O-O O-O 10. e5 Ne8 11. a3 Bb7 12. Nbd2 Be7 13. Ne4 d5 14. exd6 Nxd6 15.
Nxd6 Bxd6 16. Re1 Be7 17. Qe2 Bf6 18. Rad1 Bxb2 19. Bxh7+ Kxh7 20. Rxd8 Raxd8
21. c3 Bxa3 22. b4 Kg8 23. Ng5 Rd5 24. Qh5 Rxg5 25. Qxg5 Rd8 26. Qe3 b5 27. Qe2
a5 28. Qxb5 Ba8 29. bxa5 g6 30. a6 Kg7 31. h4 Be7 32. Qa4 Rd5 33. Rd1 Ra5 34.
Qc4 Rc5 35. Qf4 Ne5 36. Qb4 Nc6 37. Qb6 Rf5 38. Qc7 Bc5 39. Rd2 Ne5 40. Qc8 Nc4
41. Re2 Nb6 42. Qb8 Bd5 43. Qc7 Bc4 44. Rd2 Bxa6 45. g4 1-0

[Event "em-team men"]
[Site "?"]
[Date "2003.10.14"]
[Round "4.10"]
[White "Sammalvuo, Tapani"]
[Black "Gyimesi, Zoltan"]
[Result "1/2-1/2"]
[WhiteElo "2447"]
[BlackElo "2537"]
[PlyCount "41"]
[EventDate "2003.10.14"]

1. e4 e5 2. Nf3 Nc6 3. Nc3 Nf6 4. Bb5 Nd4 5. Nxd4 exd4 6. e5 dxc3 7. exf6 Qxf6
8. dxc3 Qe6+ 9. Qe2 c6 10. Bd3 Bc5 11. O-O Qxe2 12. Bxe2 d5 13. c4 Be6 14. cxd5
Bxd5 15. Bd3 O-O 16. Re1 Bd4 17. c3 Bf6 18. Bf4 Be6 19. Bc2 Rfd8 20. a3 h6 21.
Rad1 1/2-1/2

[Event "em-team men"]
[Site "?"]
[Date "2003.10.14"]
[Round "4.11"]
[White "Eljanov, Pavel"]
[Black "Belotti, Bruno"]
[Result "1/2-1/2"]
[WhiteElo "2597"]
[BlackElo "2426"]
[PlyCount "126"]
[EventDate "2003.10.14"]

1. d4 Nf6 2. Nf3 e6 3. c4 d5 4. Nc3 Be7 5. Bg5 O-O 6. Qc2 h6 7. Bh4 c5 8. dxc5
Qa5 9. Rc1 Nc6 10. e3 Qxc5 11. Qa4 d4 12. Bxf6 Bxf6 13. Ne4 Qe7 14. Nxf6+ Qxf6
15. exd4 Nxd4 16. Nxd4 Qxd4 17. Qc2 Bd7 18. Be2 Bc6 19. O-O Rfd8 20. Rfd1 Qc5
21. Rxd8+ Rxd8 22. Rd1 Rd4 23. Rxd4 Qxd4 24. b4 Kf8 25. Qc1 a6 26. h3 g5 27.
Bf1 Kg7 28. Be2 f5 29. b5 axb5 30. cxb5 Bd5 31. Qc7+ Kh8 32. Bf3 Bxf3 33. gxf3
Qd5 34. Qc3+ Kh7 35. a4 Kg6 36. Kg2 h5 37. b6 g4 38. a5 e5 39. h4 Kf6 40. Qe3
Kf7 41. Kh2 gxf3 42. a6 f4 43. Qc3 Qa2 44. Qxf3 Qxa6 45. Qxh5+ Ke6 46. Qg6+ Kd5
47. h5 Qe2 48. h6 Kc5 49. h7 Qxf2+ 50. Kh3 Qf3+ 51. Kh4 Qh1+ 52. Kg5 f3 53.
Qc2+ Kxb6 54. Qb3+ Ka6 55. Qa4+ Kb6 56. Qb4+ Ka6 57. Qc4+ Kb6 58. Qb3+ Ka6 59.
Qd3+ Ka7 60. Qa3+ Kb6 61. Qb4+ Ka6 62. Qc4+ Kb6 63. Qb3+ Ka6 1/2-1/2

[Event "em-team men"]
[Site "?"]
[Date "2003.10.14"]
[Round "4.11"]
[White "D'Amore, Carlo"]
[Black "Efimenko, Zahar"]
[Result "1/2-1/2"]
[WhiteElo "2435"]
[BlackElo "2547"]
[PlyCount "30"]
[EventDate "2003.10.14"]

1. Nf3 Nf6 2. g3 g6 3. b3 Bg7 4. Bb2 O-O 5. Bg2 d6 6. d4 a5 7. a4 Na6 8. O-O c6
9. Nbd2 d5 10. Ne5 Bf5 11. h3 Qc8 12. Kh2 Nd7 13. f4 Be6 14. g4 Nxe5 15. dxe5
Nc5 1/2-1/2

[Event "em-team men"]
[Site "?"]
[Date "2003.10.14"]
[Round "4.17"]
[White "Iotov, Valentin"]
[Black "Dutreeuw, Marc"]
[Result "1/2-1/2"]
[WhiteElo "2280"]
[BlackElo "2321"]
[PlyCount "28"]
[EventDate "2003.10.14"]

1. d4 Nf6 2. c4 e6 3. Nc3 Bb4 4. e3 O-O 5. Bd3 d5 6. Nf3 c5 7. O-O dxc4 8. Bxc4
Nbd7 9. Qe2 b6 10. Rd1 Bb7 11. dxc5 Bxc5 12. a3 Rc8 13. b4 Be7 14. Bb2 Qc7
1/2-1/2

[Event "em-team men"]
[Site "?"]
[Date "2003.10.14"]
[Round "4.18"]
[White "Kurajica, Bojan"]
[Black "Mannion, Stephen R"]
[Result "1/2-1/2"]
[WhiteElo "2557"]
[BlackElo "2348"]
[PlyCount "68"]
[EventDate "2003.10.14"]

1. d4 Nf6 2. Nf3 d5 3. c4 dxc4 4. e3 e6 5. Bxc4 a6 6. O-O Nbd7 7. a4 b6 8. Nc3
Bb7 9. Re1 c5 10. d5 exd5 11. Nxd5 Bxd5 12. Bxd5 Nxd5 13. Qxd5 Be7 14. e4 O-O
15. e5 Re8 16. e6 fxe6 17. Rxe6 Nf6 18. Qb3 Qd5 19. Qxd5 Nxd5 20. Be3 Bf6 21.
Rd6 Red8 22. Rxd8+ Rxd8 23. Rb1 Re8 24. Bg5 Bxg5 25. Nxg5 h6 26. Nf3 Re4 27. b3
Nc3 28. Rb2 Rb4 29. Nd2 Rd4 30. Kf1 b5 31. axb5 axb5 32. Ke1 b4 33. f3 Kf7 34.
Kf2 Ke6 1/2-1/2

[Event "em-team men"]
[Site "?"]
[Date "2003.10.14"]
[Round "4.2"]
[White "Roiz, Michael"]
[Black "Socko, Bartosz"]
[Result "1/2-1/2"]
[WhiteElo "2549"]
[BlackElo "2547"]
[PlyCount "80"]
[EventDate "2003.10.14"]

1. d4 Nf6 2. c4 g6 3. g3 Bg7 4. Bg2 O-O 5. Nf3 d6 6. O-O Nc6 7. Nc3 a6 8. Qd3
Bd7 9. d5 Nb4 10. Qd1 a5 11. e4 e5 12. Ne1 Kh8 13. Rb1 Ne8 14. a3 Na6 15. b4
axb4 16. axb4 c5 17. dxc6 bxc6 18. Nc2 Nac7 19. Be3 Rb8 20. Qd2 Be6 21. Qe2 Qd7
22. b5 c5 23. Rfd1 Qe7 24. Bd2 Na8 25. Ne3 Nf6 26. Ra1 Nb6 27. Ra6 Bh6 28. Rxb6
Rxb6 29. Ned5 Bxd5 30. Bxh6 Be6 31. Bxf8 Qxf8 32. Qa2 Rb8 33. Ra1 Nd7 34. Bf1
Nb6 35. Qb3 f5 36. exf5 Qxf5 37. Rd1 Rf8 38. Rd2 Qf3 39. Bg2 Bxc4 40. Qb2 Qf6
1/2-1/2

[Event "em-team men"]
[Site "?"]
[Date "2003.10.14"]
[Round "4.6"]
[White "Van Wely, Loek"]
[Black "Georgiev, Kiril"]
[Result "1/2-1/2"]
[WhiteElo "2654"]
[BlackElo "2651"]
[PlyCount "80"]
[EventDate "2003.10.14"]

1. d4 Nf6 2. c4 e6 3. Nf3 d5 4. Nc3 Be7 5. Bg5 h6 6. Bh4 O-O 7. e3 b6 8. Rc1
Bb7 9. Bxf6 Bxf6 10. cxd5 exd5 11. b4 c6 12. Bd3 a5 13. b5 c5 14. O-O Re8 15.
Bf5 g6 16. Bh3 Ra7 17. Re1 Ba8 18. Re2 Rae7 19. Rd2 c4 20. Ne5 Bxe5 21. dxe5
Rxe5 22. g3 Nd7 23. Nxd5 Nf6 24. Nxf6+ Qxf6 25. Rxc4 Bf3 26. Qc1 Be4 27. Bd7
Rc5 28. f4 Rxc4 29. Qxc4 Qa1+ 30. Kf2 Qh1 31. Bxe8 {Diagram #} 31... Qxh2+ 32.
Ke1 Qg1+ 33. Qf1 Qxe3+ 34. Re2 Qc3+ 35. Rd2 Qc1+ 36. Ke2 Qc4+ 37. Ke1 Qc1+ 38.
Rd1 Qe3+ 39. Qe2 Qg1+ 40. Kd2 Qd4+ 1/2-1/2